000 01632cam a2200241 4500
001 8345
005 20181127185709.0
008 010705s2002 nyua b 001 0 eng
010 _a 2001045389
020 _a0471392537 (cloth : alk. paper)
082 0 0 _a621.382/2
_221
100 1 _aZiemer, Rodger E.
245 1 0 _aPrinciples of communication :
_bsystems, modulation, and noise /
_cR.E. Ziemer, W.H. Tranter.
250 _a5th ed.
260 _aNew York :
_bWiley,
_cc2002.
300 _aix, 637 p. :
_bill. ;
_c27 cm.
504 _aIncludes bibliographical references (p. 623-625) and index.
505 _aCONTENTS : Chapter 1. Introduction. Chapter 2. Signal And Linear System Analysis. Chapter 3. Basic Modulation Techniques. Chapter 4. Principles Of Baseband Digital Data Transmission. Chapter 5. Overview Of Probability And Random Variables. Chapter 6. Random Signals And Noise. Chapter 7. Noise In Modulation Systems. Chapter 8. Principles Of Data Transmission In Noise. Chapter 9. Advanced Data Communications Topics. Chapter 10. Optimum Receivers And Signal Space Concepts. Chapter 11. Information Theory And Coding. Appendix A. Physical Noise Sources. Appendix B. Jointly Gaussian Random Variables. Appendix C. Proof Of The Narrowband Noise Model. Appendix D. Zero-Crossing And Origin Encirclement Statistics. Appendix E. Chi-Square Statistics. Appendix F. Quantization Of Random Processes. Appendix G. Mathematical And Numerical Tables.
_g
_r
_t
650 0 _aSignal theory (Telecommunication)
650 0 _aTelecommunication.
700 1 _aTranter, William H.
999 _c7209
_d7209